শিক্ষাবিজ্ঞানের দর্শন ও মূলতন্ত্র্র । (Record no. 99267)
[ view plain ]
| 000 -LEADER | |
|---|---|
| fixed length control field | 00968nam a2200253 a 4500 |
| 001 - CONTROL NUMBER | |
| control field | 099267 |
| 003 - CONTROL NUMBER IDENTIFIER | |
| control field | BD-ChCU |
| 005 - DATE AND TIME OF LATEST TRANSACTION | |
| control field | 20230204170635.0 |
| 008 - FIXED-LENGTH DATA ELEMENTS--GENERAL INFORMATION | |
| fixed length control field | 013s2018 aii b 002 eng |
| 020 ## - INTERNATIONAL STANDARD BOOK NUMBER | |
| International Standard Book Number | |
| 040 ## - CATALOGING SOURCE | |
| Original cataloging agency | DLC |
| Transcribing agency | DLC |
| Modifying agency | BD-ChCU |
| 082 00 - DEWEY DECIMAL CLASSIFICATION NUMBER | |
| Classification number | ৩৭০.১/ঘোষ৭শি |
| 100 ## - MAIN ENTRY--PERSONAL NAME | |
| Personal name | ঘোষ, অরুণ। |
| Numeration | |
| 245 ## - TITLE STATEMENT | |
| Title | শিক্ষাবিজ্ঞানের দর্শন ও মূলতন্ত্র্র । |
| Statement of responsibility, etc. | |
| -- | অরুণ ঘোষ |
| 246 ## - VARYING FORM OF TITLE | |
| Title proper/short title | Shikhabighaner dorshon o multontro. |
| -- | |
| -- | Arun Ghosh. |
| 250 ## - EDITION STATEMENT | |
| Edition statement | ১৮সং |
| 260 ## - PUBLICATION, DISTRIBUTION, ETC. | |
| Place of publication, distribution, etc. | এডুকেশনাল এন্টারপ্রাইজ পাব |
| Date of publication, distribution, etc. | কলকাতা |
| -- | ২০১৩ |
| 300 ## - PHYSICAL DESCRIPTION | |
| Extent | ৬৫১পৃ. |
| 504 ## - BIBLIOGRAPHY, ETC. NOTE | |
| Bibliography, etc. note | Includes index and bibliography |
| 650 #0 - SUBJECT ADDED ENTRY--TOPICAL TERM | |
| Topical term or geographic name entry element | শিক্ষাবিজ্ঞান - দর্শন । |
| Location of event | শিক্ষাবিজ্ঞান |
| 650 #0 - SUBJECT ADDED ENTRY--TOPICAL TERM | |
| Topical term or geographic name entry element | Shikhabighan - Darshan. |
| 700 1# - ADDED ENTRY--PERSONAL NAME | |
| Personal name | |
| 942 ## - ADDED ENTRY ELEMENTS (KOHA) | |
| Source of classification or shelving scheme | Dewey Decimal Classification |
| Koha item type | Books |
| Withdrawn status | Lost status | Source of classification or shelving scheme | Damaged status | Not for loan | Home library | Current library | Date acquired | Source of acquisition | Total Checkouts | Full call number | Barcode | Date last seen | Copy number | Price effective from | Koha item type |
|---|---|---|---|---|---|---|---|---|---|---|---|---|---|---|---|
| Dewey Decimal Classification | Chittagong University Library | Chittagong University Library | 02/22/2018 | ক্রয়কৃত | ৩৭০.১/ঘোষ৭শি | B৩১৫৭৪২ | 02/22/2018 | ০১ | 02/22/2018 | Books | |||||
| Dewey Decimal Classification | Chittagong University Library | Chittagong University Library | 02/22/2018 | ক্রয়কৃত | ৩৭০.১/ঘোষ৭শি | B৩১৫৭৪৩ | 02/22/2018 | ০২ | 02/22/2018 | Books |